Welcome to CU Library Online Public Access Catalogue (OPAC)

Opportunities in science technician careers / (Record no. 8414)

MARC details
000 -LEADER
fixed length control field 00867pam a2200241 a 4500
001 - CONTROL NUMBER
control field 688410
005 - DATE AND TIME OF LATEST TRANSACTION
control field 20251128142658.0
008 - FIXED-LENGTH DATA ELEMENTS--GENERAL INFORMATION
fixed length control field 960103s1996 ilu b 000 0 eng
020 ## - INTERNATIONAL STANDARD BOOK NUMBER
International Standard Book Number 0844245968
Qualifying information alk. paper
020 ## - INTERNATIONAL STANDARD BOOK NUMBER
International Standard Book Number 0844245976
Qualifying information pbk. : alk. paper
020 ## - INTERNATIONAL STANDARD BOOK NUMBER
International Standard Book Number 9780844245966
Qualifying information (alk. paper)
020 ## - INTERNATIONAL STANDARD BOOK NUMBER
International Standard Book Number 9780844245973
Qualifying information (pbk. : alk. paper)
050 00 - LIBRARY OF CONGRESS CALL NUMBER
Classification number TA158
Item number .C54 1996
082 00 - DEWEY DECIMAL CLASSIFICATION NUMBER
Classification number 602.3
Edition information 20
100 1# - MAIN ENTRY--PERSONAL NAME
Personal name Chirico, JoAnn.
245 10 - TITLE STATEMENT
Title Opportunities in science technician careers /
Statement of responsibility, etc. JoAnn Chirico ; foreword by Daneil J. Obara.
260 ## - PUBLICATION, DISTRIBUTION, ETC.
Place of publication, distribution, etc. Lincolnwood, Ill., USA :
Name of publisher, distributor, etc. VGM Career Horizons,
Date of publication, distribution, etc. c1996.
300 ## - PHYSICAL DESCRIPTION
Extent x, 148 p. ;
Dimensions 21 cm.
440 #0 - SERIES STATEMENT/ADDED ENTRY--TITLE
Title VGM opportunities series
650 #0 - SUBJECT ADDED ENTRY--TOPICAL TERM
Topical term or geographic name entry element Industrial technicians
General subdivision Vocational guidance.
856 42 - ELECTRONIC LOCATION AND ACCESS
Materials specified Publisher description
Uniform Resource Identifier <a href="http://www.loc.gov/catdir/description/mh041/96001248.html">http://www.loc.gov/catdir/description/mh041/96001248.html</a>
942 ## - ADDED ENTRY ELEMENTS (KOHA)
Source of classification or shelving scheme Library of Congress Classification
Koha item type Books
Suppress in OPAC No
999 ## -
-- 8414
-- 8414
Holdings
Withdrawn status Lost status Source of classification or shelving scheme Damaged status Not for loan Collection Home library Current library Shelving location Date acquired Total checkouts Full call number Barcode Date last seen Copy number Price effective from Koha item type
    Library of Congress Classification     Non-fiction Science Library (Miotso) Science Library (Miotso) General stacks 11/28/2025   TA158 .C54 CHI SLM00006326 11/28/2025 1 11/28/2025 Books
© 2023-2024 Copyright: Central University Libraries. All Rights Reserved | Created by: Mahone Tech Office